Central Library OPAC University of Rajshahi

Farming advisory services in North America : (Record no. 73395)

MARC details
000 -LEADER
fixed length control field 00819nam a2200229 a 4500
001 - CONTROL NUMBER
control field 73395
003 - CONTROL NUMBER IDENTIFIER
rucl marc code BD-RjUL
005 - DATE AND TIME OF LATEST TRANSACTION
control field 20211209082405.0
008 - FIXED-LENGTH DATA ELEMENTS--GENERAL INFORMATION
fixed length control field 170530s1956 enkab b 000 0 eng d
035 ## - SYSTEM CONTROL NUMBER
System control number (BD-RjUL)73613
040 ## - CATALOGING SOURCE
Transcribing agency MNP
Original cataloging agency BD-RjUL
Language of cataloging eng
041 ## - LANGUAGE CODE
Language code of text/sound track or separate title eng
082 ## - DEWEY DECIMAL CLASSIFICATION NUMBER
Classification number 630.973
Edition number 23
Author mark and year NUF 1956
110 2# - MAIN ENTRY--CORPORATE NAME
Corporate name or jurisdiction name as entry element Nuffield Foundation.
9 (RLIN) 217107
245 10 - TITLE STATEMENT
Title Farming advisory services in North America :
Remainder of title report of a mission to Canada and the United States of America, June and July 1955 /
Statement of responsibility, etc. sponsored by the Nuffield Foundation.
260 ## - PUBLICATION, DISTRIBUTION, ETC. (IMPRINT)
Place of publication, distribution, etc. London :
Name of publisher, distributor, etc. Nuffield Foundation,
Date of publication, distribution, etc. 1956.
300 ## - PHYSICAL DESCRIPTION
Pagination 153 p. :
Illustrations ill. ;
Size 22 cm.
650 #0 - SUBJECT ADDED ENTRY--TOPICAL TERM
Topical term or geographic name as entry element Agriculture
Geographic subdivision United States
9 (RLIN) 162063
Topical term or geographic name as entry element Agriculture
Geographic subdivision North America.
9 (RLIN) 217105
Topical term or geographic name as entry element Agricultural extension work
Geographic subdivision North America.
9 (RLIN) 217106
942 ## - ADDED ENTRY ELEMENTS (KOHA)
Source of classification or shelving scheme Dewey Decimal Classification
Koha item type Books
Holdings
Lost status Source of classification or shelving scheme Damaged status Not for loan Collection code Permanent Location Current Location Shelving location Date acquired Source of acquisition Cost, normal purchase price Total Checkouts Full call number Date last seen Copy number Koha item type
  Dewey Decimal Classification   Not For Loan Non-fiction Central Library, University of Rajshahi Central Library, University of Rajshahi Reading Room 21/04/1964 Zeitlinger 8.00   630.973 NUF 1956 30/05/2017 C-1 Books